Babad Dipanagara : an account of the outbreak of the Java war (1825-30) :

Bibliographic Details
Main Author: Carey, Peter B. R. (Author)
Format: Book
Published: Kuala Lumpur : The Malaysian Branch of the Royal Asiatic Society , 1981
Subjects:

MARC

LEADER 00000cam a2200000 7i4500
001 0000008502
005 20160629093000.0
008 021119s1981
090 0 0 |a PL5189.3   |b .C37 
100 0 |a Carey, Peter B. R. ,   |e author 
245 0 0 |a Babad Dipanagara :   |b an account of the outbreak of the Java war (1825-30) :   |b the Surakarta court version of the Babad Dipanagara with translations into English and Indonesian Malay   |c Peter B.R. Carey 
260 2 |a Kuala Lumpur :   |b The Malaysian Branch of the Royal Asiatic Society ,   |c 1981 
300 |a 343 p. ; plates ;   |c 23 cm. 
504 |a Includes references [p.311-322] and index 
650 0 |a Javanese poetry   |x History and critcism 
999 |a 1000045232   |b Book   |c OPEN SHELF (30 DAYS)   |e Gong Badak Campus 
999 |a 1000045233   |b Book   |c OPEN SHELF (30 DAYS)   |e Gong Badak Campus